000 00770nam a2200253Ia 4500
003 OSt
005 20220928125015.0
006 a|||||r|||| 00| 0
007 ta
008 220927b |||||||| |||| 00| 0 eng d
020 _c1916.2
024 _a125298
037 _b205, 17/12/2014, Classic Book Service
_cTextual
040 _aSDCL
_cSDCL
_beng
041 _2eng
_aeng
082 _aR3xK32, Q1
100 _aStrawson galen
_9447642
245 0 _aLocke on personal identity
_b Consciousness and concernment
260 _aPrinceton
_bPrinceton University Press
_c2014
300 _axvi;261p.
_ccm.
650 _aPhilosophy
942 _hR3xK32, Q1
_cTEXL
_2CC
999 _c780410
_d780410